postacie z Fnafa (polski) - Statystyki

Ogólne statystyki
  • Ten quiz został rozwiązany 1 191 razy
  • Średni wynik to 30 z 43
Statystyki odpowiedzi
FNAF's Animatronics % Poprawnych
FNAF 1 freddy
99%
Funtime freddy
99%
golden freddy
99%
FNAF 4 Nightmare freddy
99%
Old Animatronics old freddy
99%
old golden freddy
99%
FNAF 3 phantom freddy
99%
FNAF 2 toy freddy
99%
Bon Bon
97%
Funtime foxy
97%
mangle/ toy foxy
97%
foxy
96%
Nightmare foxy
96%
old foxy
96%
phantom foxy
96%
bonnie
95%
chica
95%
Nightmare bonnie
95%
Nightmare chica
95%
old bonnie
95%
old chica
95%
phantom chica
95%
toy bonnie
95%
toy chica
95%
springtrap
74%
phantom balloon boy
62%
balloon boy
61%
FNAF SL Baby
57%
Ballora
56%
Nightmare
56%
Fredbear
43%
marionette
42%
phantom marionette
42%
Ennard
41%
plushtrap
40%
Bonnet
31%
Lolbit
23%
Sekretne postacie purple guy
20%
Yenndo
20%
Minireena
18%
Nightmare cupcake
18%
pink guy
8%
blloon girl
1%
Nie znaleziono quizów pasujących do podanych kryteriów
Rozkład punktacji
Procent ludzi z każdym wynikiem
Percentyl według liczby udzielonych odpowiedzi
Twoja historia wyników
Nie rozwiązałeś tego quizu